LEADER 01352nam a2200253 4500 001 000000346302 003 CaOOAMICUS 005 20210528163155.0 008 210528s1935 it 000 u ita r 040 $aSeMil$bita 100 1 $aSavini, Pietro.$0(OLS)http://semarc/name/114005 245 10$aLettera aperta a l'onorevole presidenza del Consiglio superiore delle miniere presso il Ministero delle Corporazioni, Roma /$c[Pietro Savini]. 246 04$aPer la verità e per la giustizia 264 1$aTrieste :$bTipografia Aless. Panzieri,$c1935. 300 $a24 p. ;$c31 cm 650 4$aMiniere.$0(OLS)http://semarc/subject/42533 650 4$aLavoratori - Condizioni economiche e sociali - Sec. 20.$0(OLS)http://semarc/subject/28469 710 0 $aMinistero delle Corporazioni - Consiglio superiore delle miniere.$0(OLS)http://semarc/name/114006 850 $aSeMil 852 $aSeMil$W1$xVenegono$y1$m5B XI 8/41$j246344$B237370$CSeMilBibl$Z2$F237370 $81 996 $6245$aLettera aperta a l'onorevole presidenza del Consiglio superiore delle miniere presso il Ministero delle Corporazioni, Roma$9(OLS)http://semarc/title/435503 996 $6246$aPer la verità e per la giustizia$9(OLS)http://semarc/title/435504 996 $6264$aTrieste :$bTipografia Aless. Panzieri$9(OLS)http://semarc/publisher/59855 LEADER 01252nam a2200277 i 4500 001 000000235070 003 CaOOAMICUS 005 20141028000000.0 008 141028s2014 gw u000 u ger u 013 $a213973 020 $a978-3-402-11196-3 040 $aSeMil$bita 100 1 $aSchenk, Richard .$0(OLS)http://semarc/name/32947 245 14$aDie Deutung vorchristlicher Riten im Frühwerk des Albertus Magnus /$cRichard Schenk. 260 $aMünster :$bAschendorff,$c2014. 300 $a40 p. ;$c23 cm. 490 0 $aLectio Albertina ;$v15 600 04$aAlberto : Magno .$0(OLS)http://semarc/subject/6154 650 4$aChiesa primitiva e delle origini - Iniziazione cristiana - Riti.$0(OLS)http://semarc/subject/7967 830 0$aLectio Albertina ;$v15.$0(OLS)http://semarc/title/9477 850 $aSeMil 852 $aSeMil$W1$xVenegono$y1$m2IA G 15$j232499$B185416$CSeMilBibl$Z2$F196290 $81 961 $aSottoscrizione: Aschendorff 996 $6020$a978-3-402-11196-3$9(OLS)http://semarc/number/239557 996 $6245$aDie Deutung vorchristlicher Riten im Frühwerk des Albertus Magnus$9(OLS)http://semarc/title/335264 996 $6260$aMünster :$bAschendorff$9(OLS)http://semarc/publisher/29674